000 00305nam a22001337a 4500
008 170807b xxu||||| |||| 00| 0 eng d
020 _a9780262192972
041 _aeng
080 _a004
100 _a33
101 _aSHK
245 _aCONCURRENT CONSTRAINT PROGRAMMING
_cSARASWAT,V.A
942 _2udc
_cBK
999 _c22779
_d22779